00652nam a2200193Ia 450000500170000000800410001704100080005808200150006610000190008124500320010026000400013230000080017250000290018065000360020970000190024594200070026499900170027195201700028820251118142132.0230125s9999 xx 000 0 und d aeng a158.1bSUK aSukh S9214848 aRich in heart, rich in life c2005bBetter yourself BooksaMumbai a79p aPersonality Development, aPersonality Development9213420 aSukh S9214848 cBK c89497d89497 00104070aHIMRbHIMRd2006-03-17eGood will publisherg25.00i34l1o158.1 SUK B05020pHIMR-BK-5020r2023-10-16 00:00:00s2023-10-10v25.00w2006-03-04yBKzB05020